000 00625nam a2200181Ia 4500
008 090124s9999 xx 000 0 und d
082 _b28268
_a545
100 _aमित्तल शशिभूषण ल.
245 _a ज्योतिष चिंतामणि भा. 1
250 _a0
260 _c1995
300 _a103
600 _aमित्तल शशिभूषण ल.
630 _a ज्योतिष चिंतामणि भा. 1
700 _aमित्तल शशिभूषण ल.
730 _a ज्योतिष चिंतामणि भा. 1
942 _cBOOK
999 _c141725
_d141725